| 000 | 00744nam a22001817a 4500 | ||
|---|---|---|---|
| 005 | 20260330121624.0 | ||
| 008 | 260330b |||||||| |||| 00| 0 eng d | ||
| 082 | _aUT 1591 T19 2021. | ||
| 100 |
_aTaub, Jarsey Krim A. _970386 |
||
| 245 |
_aPhonology-pragmatics interface / _blearning strategies and awarenness among tribal learners _cJarsey Krim A. Taub, Jeriel M. Tero, and Ner Jan I. Ramos. |
||
| 260 |
_aDigos City : _bUMDC, _c© September 2021. |
||
| 300 |
_aviii, 66 pages : _billustrations (some colors) _c30 Cm. |
||
| 500 | _aIncludes refences and appendices | ||
| 650 | 0 |
_aEducation. _xUndergraduate thesis. _970387 |
|
| 700 |
_aTero, Jeriel M. _eresearcher. _970389 |
||
| 700 |
_aRamos, Ner Jan I. _eresearcher. _970390 |
||
| 942 |
_2ddc _cUT |
||
| 999 |
_c24552 _d24552 |
||